1087 1100 1911 1818 1767 1227 1856 1070 1348 1208 1586 1696 1399 1415 1503 1597 1647 1150 1723 1080 1975 1858 1426 1173 1550 1264 1435 1228 1869 1734 1202 1963 1028 1406 1080 1241 1796 1887 1025 1996 1441 1712 1219 1710 1584 1460 1775 1635 1536 1555 1528 1672 1895 1545 1619 1497 1799 1937 1149 1106 1090 1520 1990 1668 1196 1142 1019 1048 1373 1834 1133 1052 1539 1951 1635 1422 1625 1590 1097 1140 1480 1018 1097 1413 1661 1463 1578 1726 1504 1806 1733 1864 1170 1973 1711 1561 1395 1691 1647 BCNSPRNW ULIB Ver.6.0+V

เปลี่ยนเป็นภาษาไทย

Change to English
 แสดงรายละเอียดบรรณานุกรม
  กลับหน้าหลัก

Brief Record : Get Marc (ISO 2709) : E-mail record : QR code < ปิดหน้าต่าง
LEADER : 00000nam 2200000uu 4500
001    13399125864
003     ULIB
008    020711s2017 th a 000 0 eng d
020    ^a9780702071713
060    ^aWQ300^bR-M
100    ^aRaynor, Maureen.
245    ^aMyles Survival Guide to Midwifery/^bRaynor, Maureen.
250    ^a3rd ed
260    ^aPhiladelphia :^bElsevier,^c2017
300    ^a608 pages;^c22 cm
650    ^aMidwifery
650  0 ^aLabor
945    ^p952^l0^i003252
999    ^aประนอม เกษจรัล
รายการนี้ยังไม่มีแท็ก
คุณยังไม่ได้ล็อกอิน คุณสามารถมีกิจกรรมร่วมกับเว็บไซต์ได้ แต่ต้องล็อกอินก่อน ::
  ล็อกอิน

รายการสื่อสารสนเทศ

ลำดับที่ ประเภท เลขเรียก/บาร์โค้ด สถานที่ สถานะ
1. หนังสือสำรอง
หนังสือสำรอง
WQ300 R-M ฉ.1 
  Barcode: 003252
ห้องสมุดวิทยาเขตสวรรค์ประชารักษ์
►หนังสือทั่วไป
บนชั้น

รายการใกล้เคียง
    หัวเรื่อง [Midwifery]
    หัวเรื่อง [Labor]

BibComment


ยังไม่เคยถูกคอมเมนท์

คอมเมนท์ทรัพยากรรายการนี้
  คอมเมนท์: Myles Survival G..


 Copyright 2026. Bcnsprnw @Library